00645nam a22001337a 4500003000400000020001800004082001300022100001600035245003800051260003000089300000900119650002400128653035900152SGT a9788121929783 a541, ARU aBAHL, ARUN  aESSENTIALS OF PHYSICAL CHEMISTRY  aNEW DELHI bS.CHANDc2014 a1262 aPHYSICAL CHEMISTRY  a Structure Of Atom-Classical Mechanics, Structure Of Atom-Wave Mechanical Approach, Isotopes, Isobars And Isotones, Nuclear Chemistry, Chemical Bonding-Lewis Theory, Chemical Bonding-Orbit Concept, First Law Of Thermodynamics, Thermochemistry, Second Law Of Thermodynamics.....Photochemistry, Si Units, Mathematical Concepts, Introduction To Computers